বঙ্গদেশের ইতিহাস : মধ্যযুগ / (Record no. 74305)
[ view plain ]
| 000 -LEADER | |
|---|---|
| fixed length control field | 00859nam a2200241 a 4500 |
| 001 - CONTROL NUMBER | |
| control field | 74305 |
| 003 - CONTROL NUMBER IDENTIFIER | |
| rucl marc code | BD-RjUL |
| 005 - DATE AND TIME OF LATEST TRANSACTION | |
| control field | 20211209082532.0 |
| 008 - FIXED-LENGTH DATA ELEMENTS--GENERAL INFORMATION | |
| fixed length control field | 180628s1963 ii b|||| |||| 00| 0 ben d |
| 020 ## - INTERNATIONAL STANDARD BOOK NUMBER | |
| Terms of availability | : IRs.15.00 |
| 035 ## - SYSTEM CONTROL NUMBER | |
| System control number | (BD-RjUL)74523 |
| 040 ## - CATALOGING SOURCE | |
| Original cataloging agency | BD-RjUL |
| Language of cataloging | eng |
| Transcribing agency | BD-RjUL |
| 041 ## - LANGUAGE CODE | |
| Language code of text/sound track or separate title | ben |
| 082 ## - DEWEY DECIMAL CLASSIFICATION NUMBER | |
| Edition number | 23 |
| Classification number | 954.14 |
| Author mark and year | MOB 1963 |
| 100 1# - MAIN ENTRY--PERSONAL NAME | |
| Personal name | মন্ডল, সুশীলা |
| 9 (RLIN) | 221577 |
| 245 10 - TITLE STATEMENT | |
| Title | বঙ্গদেশের ইতিহাস : মধ্যযুগ / |
| Statement of responsibility, etc. | সুশীলা মন্ডল প্রণীত |
| 260 ## - PUBLICATION, DISTRIBUTION, ETC. (IMPRINT) | |
| Place of publication, distribution, etc. | কলিকাতা : |
| Name of publisher, distributor, etc. | প্রকাশ মন্দির , |
| Date of publication, distribution, etc. | ১৯৬৩ |
| 300 ## - PHYSICAL DESCRIPTION | |
| Pagination | খন্ড. ; |
| Illustrations | চিত্র ; |
| Size | ২২ সেমি. |
| 505 1# - FORMATTED CONTENTS NOTE | |
| Formatted contents note | খন্ড, ১ -- |
| 650 ## - SUBJECT ADDED ENTRY--TOPICAL TERM | |
| Topical term or geographic name as entry element | ভারত |
| Form subdivision | ইতিহাস |
| 9 (RLIN) | 222125 |
| Topical term or geographic name as entry element | history |
| Geographic subdivision | India |
| 9 (RLIN) | 221579 |
| 942 ## - ADDED ENTRY ELEMENTS (KOHA) | |
| Source of classification or shelving scheme | Dewey Decimal Classification |
| Koha item type | Books |
| Lost status | Source of classification or shelving scheme | Damaged status | Not for loan | Collection code | Permanent Location | Current Location | Shelving location | Date acquired | Source of acquisition | Cost, normal purchase price | Total Checkouts | Full call number | Date last seen | Copy number | Koha item type |
|---|---|---|---|---|---|---|---|---|---|---|---|---|---|---|---|
| Dewey Decimal Classification | Not For Loan | Non-fiction | Central Library, University of Rajshahi | Central Library, University of Rajshahi | Reading Room | 31/03/1976 | Rajshahi Orient library | 37.50 | B 954.14 MOB V-1 1963 | 28/06/2018 | C-1 | Books |